All airplane model Companies - Statistics

General Stats
  • This quiz has been taken 57 times
    53 since last reset
  • The average score is 5 of 15
Answer Stats
Place Answer % Correct
1 Gemini Jets
92%
3 Herpa
56%
2 NG models
56%
14 JC wings
52%
10 Phoenix
48%
9 Panda Models
32%
8 Aviation 400
28%
7 Hogan
28%
5 Aeroclassics
20%
11 Aviation 200
20%
4 Dragon Wings
20%
15 sky marks
20%
12 Inflight
16%
6 Apollo
12%
13 Velocity Models
8%
No matching quizzes found
Score Distribution
Percent of People with Each Score
Percentile by Number Answered
Your Score History
You have not taken this quiz since the last reset